000 01437 a2200241 4500
003 Nust
005 20170207154014.0
010 _a 00053027
020 _a0596000022
040 _cNust
082 0 0 _a005.432
100 1 _aBovet, Daniel P.
245 1 0 _aUnderstanding the Linux kernel (E-BOOK)
_cDaniel P. Bovet & Marco Cesati.
260 _aBeijing ;
_aCambridge, Mass. :
_bO'Reilly,
_c2001.
300 _axvi, 684 p. :
_bill. ;
_c24 cm.
505 _aIntroduction (Page-6)Memory Addressing(page-36) Processes (page-64) Interrupts And Exceptions(page -96) Timing Measurements (Page-131) Memory Management(Page-149) Process Address Space (page-183) System Calls (Page-217) Signals (Page-231) Process Scheduling (page- 258) Kernel Synchronization(Page-277) The Virtual File system(Page-303) Managing I/O Devices (Page- 343)Disk Caches (Page-382) Accessing Regular Files(Page -400) Swapping: Methods For Freeing Memory (Page-417) The Ext2 File system(page-451) Process Communication(Page -476) Program Execution(page-500)
650 0 _aOperating systems (Computers)
651 _aE-BOOK
700 1 _aCesati, Marco.
856 4 2 _3Contributor biographical information
_uhttp://www.loc.gov/catdir/enhancements/fy0915/00053027-b.html
856 4 2 _3Publisher description
_uhttp://www.loc.gov/catdir/enhancements/fy0915/00053027-d.html
856 4 2 _3Table of contents only
_uhttp://www.loc.gov/catdir/enhancements/fy1008/00053027-t.html
942 _2ddc
_cBK
999 _c191331
_d191331